005390000a2200073000450024500850000030000450008552003030013077300320043310aEl ministerio deportivo hace historia en las olimpiadas : Olimpiadas Sidney 2000 aVol. 55, Núm 250 (2000), Páginas 6-7 aPor primera vez, y en un avance significativo para el ministerio deportivo, el comité organizador oficial ha trabajado directamente con la comunidad cristiana y asignó una tribuna en un campo olímpico principal para una organización cristiana llamada Competición Australia: Más que oro.0 tLa Biblia de las Américas